| 000 | 00485nam a2200205Ia 4500 | ||
|---|---|---|---|
| 003 | OSt | ||
| 005 | 20250506122301.0 | ||
| 008 | 210423s2003 xx 000 0 und d | ||
| 020 | _a415314550 | ||
| 040 | _cAL | ||
| 041 | _aeng | ||
| 082 |
_a801.95 _223 _bSCHP |
||
| 100 |
_aRichard Schechner _982939 |
||
| 245 | _aPerformance theory | ||
| 260 |
_aLondon _bRoutledge _c2003 |
||
| 300 |
_axiii,407 _bPB |
||
| 365 |
_b375 _cINR |
||
| 906 | _aPerformance ; theory. | ||
| 942 |
_2ddc _cBK |
||
| 999 |
_c158056 _d158056 |
||